Pájinas sueltas
Tallennettuna:
| Päätekijä: | |
|---|---|
| Aineistotyyppi: | Kirja |
| Kieli: | espanja |
| Julkaistu: |
Santiago
Imprenta Cervantes
1800
|
| Painos: | 1a. ed |
| Aiheet: | |
| Tagit: |
Lisää tagi
Ei tageja, Lisää ensimmäinen tagi!
|
MARC
| LEADER | 00000nam a2200000 a 4500 | ||
|---|---|---|---|
| 001 | UCJ5069 | ||
| 003 | CL-VaPUC | ||
| 008 | 070124e18000000CL |||||||||||||||||spa|d | ||
| 082 | 0 | 4 | |a 983 |b AMU |2 21 |
| 100 | 0 | |a Amunátegui Solar, Domingo |e author |9 444723 | |
| 245 | 1 | 0 | |a Pájinas sueltas |
| 250 | |a 1a. ed | ||
| 300 | |a 352 p | ||
| 942 | |c BK | ||
| 945 | |d 20070124 00:00:00 |a rinostro | ||
| 260 | |a Santiago |b Imprenta Cervantes |c 1800 | ||
| 600 | 0 | |a Domeyko, Ignacio |9 326006 | |
| 600 | 0 | |a Lynch, Patricio, |d 1824-1886 |9 437748 | |
| 650 | 0 | |a Enseñanza |9 256457 | |
| 650 | 0 | |a Parlamento |9 338611 | |
| 650 | 0 | |a Ciencias Políticas |9 255201 | |
| 650 | 7 | |a BIOGRAFIA |2 CL-VaPUC |9 504622 | |
| 650 | 0 | |a Guerra del Pacífico |9 314886 | |
| 650 | 0 | |a Guerra de la independencia |9 331979 | |
| 650 | 0 | |a Historia de Chile |9 265473 | |
| 651 | 0 | |a Francia |9 255157 | |
| 651 | 7 | |a CHILE |2 CL-VaPUC |9 509831 | |
| 583 | |a last modification |c 20070124 00:00:00 |k Rodrigo Vera | ||
| 999 | |c 321182 |d 321180 | ||
| 952 | |0 0 |1 0 |4 0 |6 983_000000000000000_AMU_1800 |7 0 |8 X |9 399864 |a FDOBUD |b FDOBUD |d 2019-11-22 |i 1029606 |o 983 AMU 1800 |p 1029606 |r 2019-11-22 |w 2019-11-22 |y BK_X |k BUD | ||